000 00367pab a2200145 454500
008 180718b1997 xxu||||| |||| 00| 0 eng d
100 _aChanda, Rupa
245 _aChild labour and international trade: overview and implications
260 _c1997
300 _ap.115-32
362 _aSep-Dec
650 _aChild labour
773 _aSocial Change
909 _a42946
999 _c42946
_d42946